000 00716nam a2200217Ia 4500
001 2391
003 GE_BSU
008 181216s||||||||xx |||||||||||||| ||und||
040 _cGE_BSU
080 _a581.524
100 _aალექსიძე,ნუგზარ
245 _aეკოლოგიური ბიოქიმიის საფუძვლები
245 _cრედ.ი.ელიავა;დ.უგრეხელიძე
260 _aთბილისი
260 _c1999
300 _a283გვ.
541 _h18ლ.
653 _aბიოქიმია
653 _aეკოლოგიური ბიოქიმიის საფუძვლები
942 _cBK
999 _c36474
_d36474